La ejecucin̤ del laudo y su anulacin̤ Estudio del artc̕ulo 45 LA

Detalles Bibliográficos
Autor principal: Ripol, Ignacio
Formato: eBook
Lenguaje:español
Publicado: Barcelona . J.M. Bosch Editor, 2013
Materias:
Acceso en línea:http://www.vlex.es/source/11237

MARC

LEADER 00000nam a22000007a 4500
005 20130610163503.0
007 cr|||| ||||
008 130610e2013 sp |||||s|||| 00||0 spa d
020 |a 978-84-940933-3-3 
035 |a 11237 
040 |a vLex 
090 |c 4294  |d 4294 
100 1 0 |a Ripol, Ignacio 
245 1 3 |a La ejecucin̤ del laudo y su anulacin̤  |b Estudio del artc̕ulo 45 LA  |c / Ignacio Ripol  |h [Recurso electrn̤ico]  
256 |a Servicio en ln̕ea 
260 |a Barcelona .  |b J.M. Bosch Editor,   |c 2013 
300 |a 1 Recurso electrn̤ico 
506 |d vLex Global  |d vLex Global (Academic Edition, excluding Law Schools)  |d vLex Global (U.S. Academic Edition, Law Schools)  |d vLex Global (U.S. Academic Edition, excluding Law Schools)  |d vLex Global (Academic Edition, Law Schools) 
650 4 |a Derecho mercantil  |z Espaą 
650 4 |a Derecho concursal  |z Espaą 
650 4 |a Derecho procesal  |z Espaą 
740 |a vLex Libros (Servicio en ln̕ea) 
856 |a Acceso restringido  |u http://www.vlex.es/source/11237 
942 |c BOOK 
999 0 |a Commercial law